000
00263nam a22001217a 4500
008
170905b xxu||||| |||| 00| 0 eng d
041
_a
alb
080
_a
615
100
_a
05
101
_a
MK
245
_a
BAZAT E FARMAKOTERAPISË
_c
ISLAMI,H.I
942
_2
udc
_c
BK
999
_c
26121
_d
26121